| Tag |
First Indicator |
Second Indicator |
Subfields |
| LEADER |
00000cam a2200000 a 4500 |
| 001 |
in00001236921 |
| 005 |
20151003061057.0 |
| 007 |
he bm||||b|c| |
| 008 |
930628s1697 gw b 000 0 lat d |
| 035 |
|
|
|a (OCoLC)28347932
|
| 035 |
|
|
|9 AGS3418AM
|
| 040 |
|
|
|a UGT
|c UGT
|d TXA
|d UtOrBLW
|
| 049 |
|
|
|a TXAI
|
| 090 |
|
|
|a Q111
|b .H35
|a TP504
|
| 099 |
|
|
|a fiche
|a C
|a 9399 no.130
|
| 100 |
1 |
|
|a Stahl, Georg Ernst,
|d 1660-1734.
|
| 245 |
1 |
0 |
|a Georgii Ernesti Stahl Zymotechnia fundamentalis, seu Fermentationis theoria generalis :
|b simulque experimentum novum sulphur verum arte producendi ...
|
| 264 |
|
1 |
|a [Halle?] :
|b Typis & sumptibus Christoph. Salfeldii,
|c 1697.
|
| 300 |
|
|
|a 8 unnumbered pages, 400, that is, 200 pages
|
| 336 |
|
|
|a text
|b txt
|2 rdacontent
|
| 337 |
|
|
|a microform
|b h
|2 rdamedia
|
| 338 |
|
|
|a microfiche
|b he
|2 rdacarrier
|
| 500 |
|
|
|a "Courtesy History of Science Collections, University of Oklahoma."
|
| 500 |
|
|
|a Contains head-pieces.
|
| 500 |
|
|
|a Page 200 incorrectly numbered 400.
|
| 533 |
|
|
|a Microfiche.
|b New Canaan, Conn. :
|c Readex Microprint,
|d [1986]
|e 4 microfiches ; 11 x 15 cm.
|f (Landmarks II. Monographs)
|
| 539 |
|
|
|a s
|b 1986
|d ctu
|e n
|
| 500 |
|
|
|a Microform.
|
| 650 |
|
0 |
|a Fermentation
|x Early works to 1800.
|
| 650 |
|
0 |
|a Industrial microbiology
|x Early works to 1800.
|
| 650 |
|
0 |
|a Fermentation products industry
|x Early works to 1800.
|
| 740 |
0 |
|
|a Zymotechnia fundamentalis.
|
| 740 |
0 |
|
|a Fermentationis theoria generalis.
|
| 830 |
|
0 |
|a Landmarks II Monographs.
|
| 999 |
|
|
|a MARS
|
| 999 |
f |
f |
|s a0917936-857d-366d-97e8-52f1dd457cd2
|i 30b77e64-d64a-3338-9ac5-c1a78eb4c788
|t 0
|
| 952 |
f |
f |
|p normal
|a Texas A&M University
|b College Station
|c Sterling C. Evans Library
|d Evans: Microforms (3rd floor)
|t 0
|e fiche C 9399 no.130
|h Other scheme
|i microform -- microfiche
|m A14822747510
|
| 998 |
f |
f |
|a fiche C 9399 no.130
|t 0
|l Evans: Microforms (3rd floor)
|